| 000 | 01251nam a2200337 a 4500 | ||
|---|---|---|---|
| 001 | ebr10369657 | ||
| 003 | CaPaEBR | ||
| 006 | m u | ||
| 007 | cr cn||||||||| | ||
| 008 | 960207s1995 enka sb 001 0 eng d | ||
| 010 | _z 95071356 | ||
| 020 | _z0803974817 | ||
| 020 | _z0803974809 | ||
| 020 | _z9780803974807 | ||
| 020 | _z9780857022783 (e-book) | ||
| 040 |
_aCaPaEBR _cCaPaEBR |
||
| 035 | _a(OCoLC)587391755 | ||
| 050 | 1 | 4 |
_aRC438 _b.D43 1995eb |
| 082 | 0 | 4 |
_a616.89 _220 |
| 245 | 0 | 0 |
_aDeconstructing psychopathology _h[electronic resource] / _cIan Parker ... [et al.]. |
| 260 |
_aLondon ; _aThousand Oaks, Calif. : _bSage, _c1995. |
||
| 300 |
_aviii, 167 p. : _bill. |
||
| 504 | _aIncludes bibliographical references (p. [146]-157) and index. | ||
| 533 |
_aElectronic reproduction. _bPalo Alto, Calif. : _cebrary, _d2013. _nAvailable via World Wide Web. _nAccess may be limited to ebrary affiliated libraries. |
||
| 650 | 0 | _aPsychology, Pathological. | |
| 650 | 0 | _aDeconstruction. | |
| 655 | 7 |
_aElectronic books. _2local |
|
| 700 | 1 |
_aParker, Ian, _d1956- |
|
| 710 | 2 | _aebrary, Inc. | |
| 856 | 4 | 0 |
_uhttp://site.ebrary.com/lib/rucke/Doc?id=10369657 _zAn electronic book accessible through the World Wide Web; click to view |
| 999 |
_c110138 _d110138 |
||